Regionen von Ländern #4 - Statistiken

Allgemein
  • Dieses Quiz wurde 5.254 mal gespielt
  • Das Durchschnittsergebnis liegt bei 10 aus 21
Antwortstatistiken
Region Land % Korrekt
Hessen Deutschland
91%
Lappland Finnland
89%
Madeira Portugal
88%
Lombardei Italien
86%
Québec Kanada
83%
Friesland Niederlande
81%
Suez Ägypten
73%
Phuket Thailand
66%
Guam Vereinigte Staaten
57%
Moldau Rumänien
47%
Wallis Schweiz
46%
Tahiti Frankreich
43%
Attika Griechenland
34%
Sulawesi Indonesien
32%
Transdanubien Ungarn
22%
Mindanao Philippinen
20%
Penang Malaysia
19%
Bay of Plenty Neuseeland
18%
Mandalay Myanmar
17%
Antioquia Kolumbien
9%
Borno Nigeria
6%
Keine übereinstimmenden Quizze gefunden
Verteilung der Resultate
Anzahl Personen mit jedem Resultat
Perzentil nach korrekt beantworteten Fragen
Ihre Resultats-Entwicklung
Sie haben dieses Quiz noch nicht gespielt